| 000 | 00719nam a2200241Ia 4500 | ||
|---|---|---|---|
| 003 | OSt | ||
| 005 | 20220927105900.0 | ||
| 006 | a|||||r|||| 00| 0 | ||
| 007 | ta | ||
| 008 | 220926b |||||||| |||| 00| 0 eng d | ||
| 024 | _a61755 | ||
| 037 | _cReference Collections | ||
| 040 |
_aRTL _cRTL _beng |
||
| 041 |
_2eng _aeng |
||
| 082 | _a"X61;1pl, N65, K6" | ||
| 111 |
_aConferene on Gold and World Monetary Problems (New York) (1965 : USA) _9375541 |
||
| 245 | 0 | _aGold and world monetary problems | |
| 260 |
_aLondon _bMacmillan UK _c1966 |
||
| 300 |
_a"xiv, 240p." _ccm. |
||
| 650 |
_aMonetary Policy _9375542 |
||
| 942 |
_h"X61;1pl, N65, K6" _cCC |
||
| 999 |
_c695062 _d695062 |
||